| 000 | 01203cam a2200337 i 4500 | ||
|---|---|---|---|
| 001 | 111218 | ||
| 005 | 20230410103910.0 | ||
| 008 | 130722b2003 nyua 000 0 eng | ||
| 020 | _a0876093330 | ||
| 041 | 0 | _aeng | |
| 049 | _aGRAL | ||
| 050 | 1 | 4 |
_a425 DS 530.65 _bB962 2003 |
| 245 | 0 | 0 |
_aBurma, time for change : _breport of an independent Task Force Sponsored by the Council on Foreign Relations / _cMathea Falco, chair |
| 260 |
_aNew York, NY : _bCouncil on Foreign Relations, _c2003 |
||
| 300 | _aviii, 62 p. | ||
| 440 | 0 | _aCouncil on Foreign Relations archive publications. | |
| 440 | 0 | _aTask force report (Council on Foreign Relations) | |
| 651 | 0 |
_aBurma _xPolitics and government _y1988- |
|
| 650 | 0 |
_aDemocratization _zBurma. |
|
| 650 | 0 |
_aDemocracy _zBurma. |
|
| 650 | 0 |
_aMilitary government _zBurma. |
|
| 650 | 0 |
_aHuman rights _zBurma. |
|
| 651 | 4 |
_aBurma _xPolítica y gobierno, _y1988- |
|
| 651 | 4 |
_aBirmania _xPolítica y gobierno, _y1988- |
|
| 651 | 4 |
_aBurma (Asia) _xHistoria |
|
| 700 | 2 | 0 | _aNational League for Democracy (Burma) |
| 700 | 1 | _aFalco, Mathea | |
| 710 | 2 |
_aCouncil on Foreign Relations. _bIndependent Task Force on Burma. |
|
| 942 |
_2lcc _cbk |
||
| 946 | _aYSL | ||
| 999 |
_c28028 _d28028 |
||